| 000 | 01166cam a22003254a 4500 | ||
|---|---|---|---|
| 999 |
_c329830 _d329830 |
||
| 001 | 15009077 | ||
| 003 | NUST | ||
| 005 | 20170523134518.0 | ||
| 008 | 070917r18922007pk s 000 0 eng | ||
| 010 | _a 2007432775 | ||
| 020 | _a9789693520262 | ||
| 020 | _a9693520262 | ||
| 040 |
_aDLC _cDLC |
||
| 042 | _alcode | ||
| 043 | _aa-ii--- | ||
| 050 | 0 | 0 |
_aDS485.G85 _bG39 2007 |
| 082 | _a954.914 GAZ | ||
| 110 | 2 |
_aPunjab (India) _91175 |
|
| 245 | 1 | 0 |
_aGazetteer of the Gurdaspur District, 1891-92 / _ccompiled and published under the authority of the Punjab Government. |
| 246 | 3 | _aGurdaspur District | |
| 246 | 1 | 7 | _aPunjab Gazetteer: Gurdaspur District |
| 250 | _a[2nd ed.] | ||
| 260 |
_aLahore : _bSang-e-Meel Publications, _c2007. |
||
| 300 |
_a197, xxxix ; _c25 cm. |
||
| 500 | _aIncludes statistical tables. | ||
| 500 | _aRunning title: Punjab Gazetteer: Gurdaspur district. | ||
| 500 | _aOriginallly published : Lahore : Civil and Military Press, 1892. | ||
| 651 | 0 |
_aGurdāspur (India : District) _91342 |
|
| 906 |
_a7 _bcbc _corigcop _d3 _encip _f20 _gy-gencatlg |
||
| 942 |
_2ddc _cBK |
||